Представление документа в формате MARC21

Поле Инд. ПП Название Значение
Тип записи a
Библиографический уровень m
001 Контрольный номер 11e93dabea844d0d869d1a8afa064a6f
005 Дата корректировки 20160401143308.3
040 a Служба первич. каталог. НБ ТвГУ
b Код языка каталог. rus
e Правила каталог. PSBO
041 0_ a Код языка текста rus
080 a Индекс УДК 347.454.5(043.3)
084 a Индекс другой классификации/Индекс ББК Х404.213я031
090 a Полочн. индекс Х404.2
x Авторский знак Д 69
097 b Оператор mimoza
100 1_ a Автор Дорохова Наталья Александровна
245 10 a Заглавие Договоры по поиску, обработке, хранению и (или) передаче информации
b Продолж. заглавия автореф. дис. ... к.ю.н. : 12.00.03 - гражданское право, предпринимательское право, семейное право, международное частное право
c Ответственность науч. рук.: д.ю.н., проф. М. Н. Малеина ; Моск. гос. юрид. акад. им. О. Е. Кутафина, Каф. гражд. и семейн. права
260 c Дата издания 2011
a Место издания Москва
300 a Объем 27 с.
500 a Примечание На правах рукоп.
504 a Библиография Библиогр. в конце книги (6 назв.)
653 0_ a Ключевые слова Гражданское право
a Ключевые слова Услуги
a Ключевые слова Возмездное оказание услуг
a Ключевые слова Договоры возмездного оказания услуг
a Ключевые слова Информационные услуги
a Ключевые слова Договор оказания информационных услуг
a Ключевые слова Обязательства по предоставлению услуг
a Ключевые слова Обязательственное право
a Ключевые слова Оказание информационных услуг
a Ключевые слова Авторефераты
700 12 a Другие авторы Малеина Марина Николаевна
c Титул (звание) д.ю.н., проф.
e Роль лиц науч. рук.
700 12 a Другие авторы Барков Алексей Владимирович
c Титул (звание) д.ю.н., доц.
e Роль лиц оппонент
700 12 a Другие авторы Нахратов Виталий Владимирович
c Титул (звание) к.ю.н.
e Роль лиц оппонент
710 12 a Организация/ юрисдикция Московская государственная юридическая академия им. О. Е. Кутафина, Каф. гражд. и семейн. права
710 12 a Организация/ юрисдикция Уральский федеральный университет имени первого Президента России Б. Н. Ельцина
901 t Тип документа m
920 a Оператор Семен
a Оператор Суха
a Оператор Густ
a Оператор Стро
930 a Новая/Ретро новая
952 c Вид литературы А/Р н
954 b Дата поступления в ОК 20160229
a Дата поступления на обработку 20160330
c Дата окончания ОНО 20160401